02627cam a22003378i 45000010009000000050017000090080041000260100017000670200031000840200026001150200027001410350013001680400023001810420008002040500022002120820018002341000032002522450059002842630009003432640045003523360026003973370028004233380027004514900020004785040041004985201574005396500021021136500025021347000051021598560079022102149780320260606123351.0200413s2020 cau b 000 0 eng  a 2020014965 a9789353884154q(paperback) z9789353884161q(epub) z9789353884178q(ebook) a21497803 aDLCbengerdacDLC apcc00aHG4751b.K86 202000a332.041542231 aKumar, Raj,d1959-eauthor.10aVenture capital investments /cRaj Kumar, Manu Sharma. a2006 1aThousand Oaks :bSAGE Publishing,c2020. atextbtxt2rdacontent aunmediatedbn2rdamedia avolumebnc2rdacarrier0 aSage essentials aIncludes bibliographical references. a"Venture Capital is a form of financing provided by wealthy investors, investment banks and other financial institutions to start-ups and small to medium-sized enterprises with strong growth potential in exchange of private equity stakes. These investors are also known as venture capitalists (VCs). With the rise of start-ups and small ventures, the market of VCs and the interest of people in venture capitalism are also increasing. The valuation of the firms done by the VCs at the beginning stage is not just a betting game. It is thorough research done using different strategies and computing formulas. This book gives a fundamental understanding of various aspects of venture capital covering the nature of investments, deal evaluation, valuation, structure, economics and fundraising. It begins by covering how the private market is different from the public market. The history of venture capital is discussed with the venture capital industry in the background. The authors also discuss the deal of valuation, valuation and fundraising from the perspective of a VC. Finally, the book discusses fund economics and fund structure in venture capital firms. It provides challenges a VC faces right from raising funds to evaluating a potential deal, deal evaluation and exit evaluation . The book will be a helpful read for entrepreneurs who want to get into the shoes of a VC and understand how they valuate a firm or a start-up. It will also be an informative read for the aspiring VC who is looking to enter the venture capital market"--cProvided by publisher. 0aVenture capital. 0aCapital investments.1 aSharma, Manuc(Financial researcher),eauthor. uhttps://sk.sagepub.com/books/venture-capital-investmentsyRead SAGE E-Book